| 000 | 00862njm a2200277Ia 4500 | ||
|---|---|---|---|
| 001 | 24243 | ||
| 003 | IT-RoPAU | ||
| 005 | 20220918181133.0 | ||
| 008 | 131025s9999 xx 000 0 und d | ||
| 040 | _aIT-RoPAU | ||
| 040 | _cIT-RoPAU | ||
| 999 |
_c100765 _d100765 |
||
| 999 | _bn.d. | ||
| 100 |
_aMozart Wolfgang Amadeus _91525 |
||
| 100 |
_eAutore musica _99678 |
||
| 100 |
_gCodice autore musica SPICS: 3486 _91527 |
||
| 245 | _aSei sonate per flauto e Hammerklavier K 10-15 | ||
| 250 | _a1a ed. | ||
| 260 | _aVARESE | ||
| 260 |
_bARION - DUCALE _c1974 [1a Ed.:1974 - Ed. Lingua Orig.: 1764] |
||
| 300 | _aDISCO | ||
| 300 | _c52 minuti (Testo: pag.) | ||
| 500 | _aMusica classica. Musica strumentale: flauto, minuetto, clavicembalo | ||
| 505 | _aSei sonate per flauto e clavicembalo | ||
| 650 |
_aCLASSICA [DISCHI] _eCodice MATERIA SPICS: 9950 _91157 |
||
| 942 |
_cMD _2ddc |
||